| 000 | 01128cab a2200193 4500 | ||
|---|---|---|---|
| 001 | L130905 | ||
| 008 | 050915n2005 000 0 eng u | ||
| 035 | _a(Sirsi) u130905 | ||
| 041 | 0 | _aeng | |
| 100 | 1 | _aBrewer, Geoff | |
| 245 | 0 | 0 | _aIncorporation of terms |
| 260 | _c2005 | ||
| 490 | 0 |
_aContract Journal _v430(6541) 7 September 2005, 22(1) |
|
| 520 | _aDiscusses the case "Bryen and Langley Ltd v Martin Boston" ([2005] EWCA Civ 973, L130706) which looks at the problems caused by the way contracts are entered into. The case showed that even though a formal JCT building contract had not been signed, the dealings between the parties showed that they were contractually committed on the basis of the JCT contract and consequently the adjudicator did have jurisdiction to make an award in their dispute. | ||
| 650 | 2 | 4 | _aBRYEN AND LANGLEY LTD V BOSTON |
| 650 | 2 | 4 | _aUNFAIR TERMS IN CONSUMER CONTRACTS REGULATIONS 1999 |
| 690 | _aMANAGEMENT-DISPUTE AVOIDANCE, MANAGEMENT AND RESOLUTION-DISPUTE MANAGEMENT AND RESOLUTION-ALTERNATIVE DISPUTE RESOLUTION-ADJUDICATION-ADJUDICATORS-ADJUDICATORS' JURISDICTION | ||
| 942 | _n0 | ||
| 999 |
_c75871 _d75871 |
||